Statistiken für Rekorde Deutschlands (Geographie, Bauwerke)

Klicken Sie hier um das Quiz zu spielen!

Allgemein

  • Dieses Quiz wurde 465 mal gespielt
  • Das Durchschnittsergebnis liegt bei 10 aus 13

Antwortstatistiken

KategorieAntwort% Korrekt
Größter BergZugspitze (2962m)
98%
Größter SeeBodensee (536qkm)
95%
Längster Fluss
(nur der Teil des Flusses,
der in Deutschlang liegt)
Rhein (865km)
95%
Nördlichste GroßstadtKiel
89%
Westlichste GroßstadtAachen
80%
Östlichste GroßstadtDresden
80%
Größte InselRügen (926qkm)
79%
Südlichste GroßstadtFreiburg
69%
Größter KirchturmUlmer Münster (161,53m)
68%
Älteste UniversitätRuprechts-Karls-Universität in Heidelberg
(1386 gegründet)
67%
Höchstes BauwerkBerliner Fernsehturm (368m)
66%
Größtes Fußballstadion
(Kapazität)
Signal-Iduna-Park, Dortmund
(81.365)
63%
Größte Halle
(Kapazität)
Lanxess Arena, Köln
(19.250)
26%

Verteilung der Resultate

Perzentil nach korrekt beantworteten Fragen

Anzahl Personen mit jedem Resultat

Ihre Resultats-Entwicklung

Sie haben dieses Quiz noch nicht gespielt